[Event "IECC CL3-2020.01 email"]
[Site "IECC email"]
[Date "2020.02.04"]
[Round "?"]
[White "Bonoldi, Fabio"]
[Black "Beron, Esteban"]
[Result "1/2-1/2"]
[WhiteElo "2026"]
[BlackElo "1826"]
[PlyCount "83"]
[EventDate "2020.??.??"]
[EventType "tourn (corr)"]
[EventRounds "4"]
[SourceTitle "Corr 2024"]
[Source "ChessBase"]
[SourceDate "2023.10.19"]
[SourceVersion "1"]
[SourceVersionDate "2023.10.19"]
[SourceQuality "1"]
[WhiteTeam "Italien"]
[BlackTeam "Uruguay"]
[WhiteTeamCountry "ITA"]
[BlackTeamCountry "URU"]

1. c4 Nf6 2. g3 g6 3. Bg2 Bg7 4. Nc3 d6 5. e4 Nc6 6. Nge2 0-0 7. 0-0 e5 8. d3 h6 9. h3 Bd7 10. Be3 Ne7 11. Qd2 Kh7 12. f4 b6 13. d4 Nfg8 14. Rad1 f6 15. g4 exf4 16. Nxf4 Rb8 17. Qd3 f5 18. gxf5 gxf5 19. Kh1 Qe8 20. Rg1 Ng6 21. Ncd5 Nxf4 22. Nxf4 Ne7 23. Bf3 Qf7 24. Rg2 Rg8 25. Rdg1 Bh8 26. Bh5 Qf6 27. e5 dxe5 28. dxe5 Qc6 29. Nd5 Rxg2 30. Rxg2 Rg8 31. Bg4 Qe6 32. Nxe7 Rxg4 33. hxg4 Qxe7 34. Rh2 Bc6+ 35. Kg1 Be4 36. Qd2 Bxe5 37. Rxh6+ Kg7 38. gxf5 Bxf5 39. Qg2+ Kf8 40. Qf3 Bf6 41. Kf1 Bd3+ 42. Kf2 1/2-1/2

[Event "IECC KO-4035"]
[Site "IECC email"]
[Date "2014.04.20"]
[Round "?"]
[White "Boyce, Harry"]
[Black "Beron, Esteban"]
[Result "1-0"]
[WhiteElo "1872"]
[BlackElo "1743"]
[PlyCount "99"]
[EventDate "2014.??.??"]
[EventType "match (corr)"]
[EventRounds "2"]
[SourceTitle "Corr 2020"]
[Source "ChessBase"]
[SourceDate "2019.09.30"]
[SourceVersion "1"]
[SourceVersionDate "2019.09.30"]
[SourceQuality "1"]
[WhiteTeam "Australia"]
[BlackTeam "Uruguay"]
[WhiteTeamCountry "AUS"]
[BlackTeamCountry "URU"]

1. e4 c5 2. Nf3 d6 3. d4 cxd4 4. Nxd4 Nf6 5. Nc3 a6 6. Bg5 e6 7. f4 Be7 8. Qf3 Qc7 9. 0-0-0 Nbd7 10. g4 b5 11. Bxf6 Nxf6 12. g5 Nd7 13. a3 Rb8 14. h4 b4 15. axb4 Rxb4 16. b3 Bb7 17. Na2 Rb6 18. Nc3 0-0 19. h5 Rc8 20. Rh3 d5 21. e5 Rb4 22. g6 Bc5 23. gxf7+ Kxf7 24. Nxe6 Kxe6 25. Qg4+ Ke7 26. Qxg7+ Ke8 27. Bxa6 Ra8 28. e6 Rxa6 29. exd7+ Kd8 30. Qh8+ Kxd7 31. Nxd5 Bxd5 32. Rxd5+ Bd6 33. Rc3 Rc6 34. Rxd6+ Qxd6 35. Qg7+ Ke8 36. Qg8+ Kd7 37. Qf7+ Kd8 38. Rxc6 Qxc6 39. Qf8+ Qe8 40. Qxb4 Qxh5 41. Qd6+ Kc8 42. Qe6+ Kd8 43. Kb2 Qh4 44. Qd6+ Ke8 45. b4 h5 46. b5 Qd8 47. Qc6+ Qd7 48. f5 h4 49. f6 Qxc6 50. bxc6 1-0

[Event "IECC KO-3033"]
[Site "IECC email"]
[Date "2004.05.14"]
[Round "?"]
[White "Beron, Esteban"]
[Black "Newton, Hobart E"]
[Result "1/2-1/2"]
[WhiteElo "1657"]
[BlackElo "1906"]
[PlyCount "34"]
[EventDate "2003.??.??"]
[EventType "match (corr)"]
[EventRounds "2"]
[SourceTitle "Corr 2020"]
[Source "ChessBase"]
[SourceDate "2019.09.30"]
[SourceVersion "1"]
[SourceVersionDate "2019.09.30"]
[SourceQuality "1"]
[WhiteTeam "Uruguay"]
[BlackTeam "United States"]
[WhiteTeamCountry "URU"]
[BlackTeamCountry "USA"]

1. e4 c5 2. Nf3 d6 3. d4 cxd4 4. Nxd4 Nf6 5. Nc3 e6 6. Be2 Be7 7. Be3 0-0 8. 0-0 Nc6 9. f4 Bd7 10. Nb3 e5 11. f5 Na5 12. Nd2 Bc6 13. a3 d5 14. exd5 Nxd5 15. Nxd5 Qxd5 16. Bf3 Qb5 17. Bxc6 Qb6 1/2-1/2

[Event "IECC KO-3033"]
[Site "IECC email"]
[Date "2004.05.14"]
[Round "?"]
[White "Newton, Hobart E"]
[Black "Beron, Esteban"]
[Result "1/2-1/2"]
[WhiteElo "1872"]
[BlackElo "1666"]
[PlyCount "35"]
[EventDate "2003.??.??"]
[EventType "match (corr)"]
[EventRounds "2"]
[SourceTitle "Corr 2020"]
[Source "ChessBase"]
[SourceDate "2019.09.30"]
[SourceVersion "1"]
[SourceVersionDate "2019.09.30"]
[SourceQuality "1"]
[WhiteTeam "United States"]
[BlackTeam "Uruguay"]
[WhiteTeamCountry "USA"]
[BlackTeamCountry "URU"]

1. e4 c5 2. Nf3 d6 3. d4 cxd4 4. Nxd4 Nf6 5. Nc3 a6 6. Rg1 b5 7. a4 b4 8. Nd5 e6 9. Nxf6+ Qxf6 10. Be3 Bb7 11. Bd3 Nd7 12. Qd2 d5 13. exd5 Bxd5 14. Nf3 Nc5 15. Be2 Rd8 16. 0-0-0 Rc8 17. Bxc5 Bxc5 18. Bxa6 1/2-1/2

[Event "IECC KO-3033"]
[Site "IECC email"]
[Date "2003.11.05"]
[Round "?"]
[White "Beron, Esteban"]
[Black "Gould, Michael"]
[Result "1-0"]
[WhiteElo "1634"]
[BlackElo "1806"]
[PlyCount "21"]
[EventDate "2003.??.??"]
[EventType "match (corr)"]
[EventRounds "2"]
[SourceTitle "Corr 2020"]
[Source "ChessBase"]
[SourceDate "2019.09.30"]
[SourceVersion "1"]
[SourceVersionDate "2019.09.30"]
[SourceQuality "1"]
[WhiteTeam "Uruguay"]
[BlackTeam "United States"]
[WhiteTeamCountry "URU"]
[BlackTeamCountry "USA"]

1. d4 Nf6 2. c4 e6 3. Nc3 Bb4 4. a3 Bxc3+ 5. bxc3 d5 6. Bg5 c5 7. f3 Qa5 8. Bd2 dxc4 9. e4 cxd4 10. cxd4 c3 11. Be3 1-0

[Event "Montevideo CC Modelo Viernes op 2nd"]
[Site "Montevideo"]
[Date "2002.10.04"]
[Round "5"]
[White "Bouza Pinon, Walter"]
[Black "Beron, Esteban"]
[Result "0-1"]
[WhiteElo "1759"]
[BlackElo "1943"]
[PlyCount "48"]
[EventDate "2002.09.06"]
[EventType "swiss"]
[EventRounds "5"]
[EventCountry "URU"]
[SourceTitle "EXT 2004"]
[Source "ChessBase"]
[SourceDate "2003.11.25"]
[SourceVersion "1"]
[SourceVersionDate "2003.11.25"]
[SourceQuality "1"]

1. e4 c5 2. c3 d6 3. Nf3 Nf6 4. Bb5+ Nc6 5. d3 Bg4 6. Nbd2 e6 7. Nf1 Be7 8. Ne3 Bh5 9. Qa4 Qc7 10. Bd2 0-0 11. Bxc6 bxc6 12. c4 a5 13. Rg1 d5 14. cxd5 cxd5 15. g4 Bg6 16. h4 dxe4 17. dxe4 Bxe4 18. Ke2 Qf4 19. Rg3 Bxf3+ 20. Rxf3 Qxa4 21. b3 Qd4 22. Rd1 Qb2 23. g5 Ne4 24. Ng4 Rfd8 0-1